Теплообмен и тепловые испытания материалов и конструкций аэрокосмической техники при радиационном нагреве: монография

Bibliografiska uppgifter
Huvudupphovsman: Елисеев В. Н. Виктор Николаевич
Övriga upphovsmän: Товстоног В. А. Валерий Алексеевич
Sammanfattning:Монография посвящена проблемам теплообмена и тепловых испытаний материалов и конструкций аэрокосмической техники с использованием источников высокоинтенсивного излучения. Приведены результаты исследований характеристик наиболее перспективных трубчатых источников излучения и примеры их практического применения. Рассмотрены радиационный и радиационно-кондуктивный теплообмен в полупрозрачной рассе­ивающей среде, наиболее полно учитывающей особенности про­цессов теплообмена в материалах конструкций летательных аппа­ратов, а также вопросы теплообмена при тепловых испытаниях и моделировании теплового режима объектов испытаний.Приведены примеры решения актуальных прикладных задач радиационного и радиационно-кондуктивного теплообмена. Затро­нуты наиболее важные методические вопросы измерения тепло­вых потоков и температур.Для научных работников и инженеров, специализирующихся в области тепловых испытаний и теплофизических исследований объектов ракетно-космической техники. Может быть полезна сту­дентам, обучающимся в вузах авиационного и ракетного профиля.
Språk:ryska
Publicerad: Москва, Изд-во МГТУ, 2014
Ämnen:
Materialtyp: Bok
KOHA link:https://koha.lib.tpu.ru/cgi-bin/koha/opac-detail.pl?biblionumber=261039

MARC

LEADER 00000nam0a2200000 4500
001 261039
005 20231101233529.0
010 |a 9785703839478 
035 |a (RuTPU)RU\TPU\book\284011 
090 |a 261039 
100 |a 20140520d2014 k y0rusy50 ca 
101 0 |a rus 
102 |a RU 
105 |a a z 001zy 
200 1 |a Теплообмен и тепловые испытания материалов и конструкций аэрокосмической техники при радиационном нагреве  |e монография  |f В. Н. Елисеев, В. А. Товстоног 
210 |a Москва  |c Изд-во МГТУ  |d 2014 
215 |a 395 с.  |c ил. 
320 |a Библиогр.: с. 370-390. 
330 |a Монография посвящена проблемам теплообмена и тепловых испытаний материалов и конструкций аэрокосмической техники с использованием источников высокоинтенсивного излучения. Приведены результаты исследований характеристик наиболее перспективных трубчатых источников излучения и примеры их практического применения. Рассмотрены радиационный и радиационно-кондуктивный теплообмен в полупрозрачной рассе­ивающей среде, наиболее полно учитывающей особенности про­цессов теплообмена в материалах конструкций летательных аппа­ратов, а также вопросы теплообмена при тепловых испытаниях и моделировании теплового режима объектов испытаний.Приведены примеры решения актуальных прикладных задач радиационного и радиационно-кондуктивного теплообмена. Затро­нуты наиболее важные методические вопросы измерения тепло­вых потоков и температур.Для научных работников и инженеров, специализирующихся в области тепловых испытаний и теплофизических исследований объектов ракетно-космической техники. Может быть полезна сту­дентам, обучающимся в вузах авиационного и ракетного профиля. 
606 1 |a Космические летательные аппараты  |x Тепловые испытания  |2 stltpush  |3 (RuTPU)RU\TPU\subj\74404  |9 86702 
610 1 |a теплообмен излучением 
610 1 |a материалы 
610 1 |a конструкции 
610 1 |a нагревательные устройства 
610 1 |a радиационный нагрев 
610 1 |a измерение 
610 1 |a излучение 
610 1 |a трубчатые источники 
610 1 |a тепловой режим 
610 1 |a моделирование 
610 1 |a полупрозрачные среды 
610 1 |a радиационный теплообмен 
610 1 |a радиационно-кондуктивный теплообмен 
610 1 |a аэрокосмическая техника 
610 1 |a монографии 
675 |a 629.782.01  |v 3 
700 1 |a Елисеев  |b В. Н.  |g Виктор Николаевич 
701 1 |a Товстоног  |b В. А.  |g Валерий Алексеевич 
801 1 |a RU  |b 63413507  |c 20140520 
801 2 |a RU  |b 63413507  |c 20150515  |g RCR 
900 |a Теплообмен в электрических аппаратах 
942 |c BK 
959 |a 86/20140520  |d 2  |e 0  |f ЧЗТЛ:1  |f АНЛ:1 
959 |a 13/20150205  |d 2  |e 330,00  |f ЧЗТЛ:1  |f АНЛ:1